| 000 | 00521nam a22001577a 4500 | ||
|---|---|---|---|
| 005 | 20240904105438.0 | ||
| 008 | 240904b |||||||| |||| 00| 0 eng d | ||
| 020 | _a0-87596-703-5 | ||
| 082 |
_a635.932 _bGAR |
||
| 245 |
_aGardening with Perenniaals: _bcreating beautiful flower gardens for every part of your yard / _cFern Marshall Bradley [Editor] |
||
| 260 |
_aUSA : _bRodale Press, Inc ; _c1996 . |
||
| 300 |
_a312 p. : _bill ; _c25.5 cm. |
||
| 500 | _aIndex Given. | ||
| 650 | _aAgriculture / Gardening | ||
| 999 |
_c36537 _d36537 |
||